ბათუმის შოთა რუსთაველის სახელმწიფო უნივერსიტეტის ბიბლიოთეკა

იულიუს კეისარი : (ბიბ.ჩანაწერი № 60261)

000 -ლიდერი
ფიქსირებული სიგრძის საკონტროლო ველი 01653nam a22002657a 4500
003 - საკონტროლო ნომრის იდენტიფიკატორი
საკონტროლო ველი Ge_BSU
005 - ბოლო ოპერაციის თარიღი და დრო
საკონტროლო ველი 20230622162255.0
008 - ფიქსირებული სიგრძის მონაცემთა ელემენტები - ზოგადი ინფორმაცია
ფიქსირებული სიგრძის საკონტროლო ველი 230622s2013 ge ||||| |||| 00| 0 geo d
020 ## - წიგნის საერთაშორისო სტანდარტული ნომერი
International Standard Book Number 9789941162664
041 ## - ენის კოდი
Language code of text/sound track or separate title geo
080 ## - უნივერსალური ათობითი კლასიფიკაციის ინდექსი
Universal Decimal Classification number 087.5:94(37) გ-30
100 ## - მთავარი ჩანაწერი - პიროვნების სახელი
Personal name გელფორდი, ელენ
9 (RLIN) 18904
245 ## - ცნობა სათაურის შესახებ
Title იულიუს კეისარი :
Remainder of title ბიჭი, რომელმაც იმპერია დაიპყრო /
Statement of responsibility, etc ელენ გელფორდი; [სურ.: ვენეტა ბულენი, ქეროლაინ ვუდი; მთარგმნ.: რამაზ ხატიაშვილი, ნოდარ მანჩხაშვილი; რედ. ნანა სუხიტაშვილი].
264 ## - წარმოების, გამოცემის, დისტრიბუციის და სხვა ცნობები
გამოცემის, წარმოების, დისტრიბუციის... ადგილი [თბილისი] :
გამოცემის, წარმოების, დისტრიბუციის... სახელწოდება საქართველოს მაცნე,
გამოცემის, წარმოების, დისტრიბუციის... თარიღი 2013.
300 ## - ფიზიკური აღწერა
Extent 64 გვ. :
Other physical details ილ. ;
Dimensions 25 სმ.
501 ## - შენიშვნა თანმხლებ მასალაზე
With note ლექსიკონი: გვ. 60-61.
საძიებელი: გვ. 62-64.
504 ## - BIBLIOGRAPHY, ETC. NOTE
Bibliography, etc ბიბლიოგრ.: გვ. 62.
653 ## - INDEX TERM--UNCONTROLLED
Uncontrolled term იულიუს კეისარი, ძვ.წ. 100-44.
700 ## - ADDED ENTRY--PERSONAL NAME
Personal name ბულენი, ვენეტა
Relator term სურათი
9 (RLIN) 18905
700 ## - ADDED ENTRY--PERSONAL NAME
Personal name ვუდი, ქეროლაინ
Relator term სურათი
9 (RLIN) 18906
700 ## - ADDED ENTRY--PERSONAL NAME
Personal name ხატიაშვილი, რამაზ
Relator term მთარგმნელი
9 (RLIN) 18907
700 ## - ADDED ENTRY--PERSONAL NAME
Personal name მანჩხაშვილი, ნოდარ
Relator term მთარგმნელი
9 (RLIN) 394
700 ## - ADDED ENTRY--PERSONAL NAME
Personal name სუხიტაშვილი, ნანა
Relator term რედაქტორი
9 (RLIN) 5594
942 ## - ADDED ENTRY ELEMENTS (KOHA)
Source of classification or shelving scheme
Koha item type წიგნი
ეგზემპლარები
ჩამოწერის სტატუსი დაკარგული ეგზემპლარის სტატუსი კლასიფიკაციის წყარო ან თაროზე გაწყობის სქემა დაზიანების სტატუსი არ გაიცემა მუდმივი მდებარეობა (დაცვის ადგილი) ამჟამინდელი ადგილსამყოფელი თაროზე განთავსების ადგილი შეძენის თარიღი ღირებულება, შესყიდვის ნორმალური ფასი სრული შენახვის შიფრი შტრიხკოდი ბოლო ოპერაციის თარიღი ეგზემპლარის მიმდევრობითი ნომერი (კეტერი?) Uniform Resource Identifier ფასის ძალაში შესვლის თარიღი ეგზემპლარის სახეობა საჯარო შენიშვნა
          ბათუმის შოთა რუსთაველის სახელმწიფო უნივერსიტეტის მთავარი ბიბლიოთეკა ბათუმის შოთა რუსთაველის სახელმწიფო უნივერსიტეტის მთავარი ბიბლიოთეკა წიგნსაცავი 2023-06-22 15.00 087.5:94(37) გ-30 64763 2023-06-22 64763 ბსუ-ს საპატიო დოქტორის გურამ ლორთქიფანიძის საჩუქარი 2023-06-22 წიგნი 15 ლ.